000 00371nam a22001217a 4500
999 _c975
_d975
005 20200820140833.0
008 200820b ||||| |||| 00| 0 eng d
020 _a6424
040 _cCML
245 _aInside the Comprehensive School.
_cNational Union of Teachers.
260 _aLondon
_bSchool Publishing Co., Ltd
942 _2ddc
_cBK
_e1st Edition
_h375
_mNUT